{"text_format":"3","workbook":"xlsx","n_sheets":1,"sheets":["list"],"read":"whole","date_system":"1900"}

{"sheet":"list","index":0,"n_rows":58,"n_cols":15,"rows_kept":58}
["№","Фамилия","Имя","Отчество","Пол","Участник с ОВЗ","Класс","Класс участия","Балл","Макс. Балл","Статус","Призер МЭ прошлого года","Учитель","Место работы учителя","Направления, виды практик  по технологии"]
[1,"Афанасьева","София","Сергеевна","Ж","нет",5,5,20,25,"победитель",null,"Шишина Анастасия Петровна","Муниципальное бюджетное общеобразовательное учреждение \"Многопрофильный лицей №37\" Нижнекамского муниципального района Республики Татарстан"]
[2,"Седышев","Далер","Павлович","М","нет",5,5,11,25,"участник",null,"Гараева Зинфира Салимовна","Муниципальное бюджетное общеобразовательное учреждение \"Многопрофильный лицей №37\" Нижнекамского муниципального района Республики Татарстан"]
[3,"Мустафина","Зарина","Динаровна","Ж","нет",5,5,8,25,"участник",null,"Шишина Анастасия Петровна","Муниципальное бюджетное общеобразовательное учреждение \"Многопрофильный лицей №37\" Нижнекамского муниципального района Республики Татарстан"]
[4,"Юнусов","Алмаз","Рустемович","М","нет",5,5,8,25,"участник",null,"Шишина Анастасия Петровна","Муниципальное бюджетное общеобразовательное учреждение \"Многопрофильный лицей №37\" Нижнекамского муниципального района Республики Татарстан"]
[5,"Михайлов","Серафим","Сергеевич","М","нет",5,5,8,25,"участник",null,"Гараева Зинфира Салимовна","Муниципальное бюджетное общеобразовательное учреждение \"Многопрофильный лицей №37\" Нижнекамского муниципального района Республики Татарстан"]
[6,"Барабаш","Богдан","Алексеевич","М","нет",5,5,8,25,"участник",null,"Гараева Зинфира Салимовна","Муниципальное бюджетное общеобразовательное учреждение \"Многопрофильный лицей №37\" Нижнекамского муниципального района Республики Татарстан"]
[7,"Князева","Карина","Альбертовна","Ж","нет",5,5,7,25,"участник",null,"Шишина Анастасия Петровна","Муниципальное бюджетное общеобразовательное учреждение \"Многопрофильный лицей №37\" Нижнекамского муниципального района Республики Татарстан"]
[8,"Диярова","Зарина","Маратовна","Ж","нет",5,5,7,25,"участник",null,"Шишина Анастасия Петровна","Муниципальное бюджетное общеобразовательное учреждение \"Многопрофильный лицей №37\" Нижнекамского муниципального района Республики Татарстан"]
[9,"Исаева","Милана","Сергеевна","Ж","нет",5,5,7,25,"участник",null,"Шишина Анастасия Петровна","Муниципальное бюджетное общеобразовательное учреждение \"Многопрофильный лицей №37\" Нижнекамского муниципального района Республики Татарстан"]
[10,"Апушова","Ангелина","Андреевна","Ж","нет",5,5,7,25,"участник",null,"Шишина Анастасия Петровна","Муниципальное бюджетное общеобразовательное учреждение \"Многопрофильный лицей №37\" Нижнекамского муниципального района Республики Татарстан"]
[11,"Вахитова","Риана","Ильдаровна","Ж","нет",5,5,7,25,"участник",null,"Гараева Зинфира Салимовна","Муниципальное бюджетное общеобразовательное учреждение \"Многопрофильный лицей №37\" Нижнекамского муниципального района Республики Татарстан"]
[12,"Нуретдинов","Нияз","Рамилевич","М","нет",5,5,6,25,"участник",null,"Шишина Анастасия Петровна","Муниципальное бюджетное общеобразовательное учреждение \"Многопрофильный лицей №37\" Нижнекамского муниципального района Республики Татарстан"]
[13,"Зайнуллин","Никита","Артурович","М","нет",5,5,6,25,"участник",null,"Шишина Анастасия Петровна","Муниципальное бюджетное общеобразовательное учреждение \"Многопрофильный лицей №37\" Нижнекамского муниципального района Республики Татарстан"]
[14,"Николаева","Полина","Леонидовна","Ж","нет",5,5,6,25,"участник",null,"Гараева Зинфира Салимовна","Муниципальное бюджетное общеобразовательное учреждение \"Многопрофильный лицей №37\" Нижнекамского муниципального района Республики Татарстан"]
[15,"Закирова","Ралина","Рустемовна","Ж","нет",5,5,3,25,"участник",null,"Шишина Анастасия Петровна","Муниципальное бюджетное общеобразовательное учреждение \"Многопрофильный лицей №37\" Нижнекамского муниципального района Республики Татарстан"]
[16,"Хамидуллин","Ислам","Ильмирович","М","нет",6,6,22,25,"победитель",null,"Обухова Лариса Евгеньевна","Муниципальное бюджетное общеобразовательное учреждение \"Многопрофильный лицей №37\" Нижнекамского муниципального района Республики Татарстан"]
[17,"Гатина","Лейла ","Ренатовна","Ж","нет",6,6,12,25,"участник",null,"Обухова Лариса Евгеньевна","Муниципальное бюджетное общеобразовательное учреждение \"Многопрофильный лицей №37\" Нижнекамского муниципального района Республики Татарстан"]
[18,"Панадий","Сергей ","Дмитриевич","М","нет",6,6,11,25,"участник",null,"Обухова Лариса Евгеньевна","Муниципальное бюджетное общеобразовательное учреждение \"Многопрофильный лицей №37\" Нижнекамского муниципального района Республики Татарстан"]
[19,"Ильясов","Тимур ","Айдарович","М","нет",6,6,11,25,"участник",null,"Обухова Лариса Евгеньевна","Муниципальное бюджетное общеобразовательное учреждение \"Многопрофильный лицей №37\" Нижнекамского муниципального района Республики Татарстан"]
[20,"Усманова","Амира ","Алмазовна","Ж","нет",6,6,10,25,"участник",null,"Обухова Лариса Евгеньевна","Муниципальное бюджетное общеобразовательное учреждение \"Многопрофильный лицей №37\" Нижнекамского муниципального района Республики Татарстан"]
[21,"Подбержина","Елизавета","Андреевна","Ж","нет",6,6,9,25,"участник",null,"Обухова Лариса Евгеньевна","Муниципальное бюджетное общеобразовательное учреждение \"Многопрофильный лицей №37\" Нижнекамского муниципального района Республики Татарстан"]
[22,"Гильмуллина","Айсылу","Ильнуровна","Ж","нет",6,6,9,25,"участник",null,"Обухова Лариса Евгеньевна","Муниципальное бюджетное общеобразовательное учреждение \"Многопрофильный лицей №37\" Нижнекамского муниципального района Республики Татарстан"]
[23,"Дарьина","Мария ","Витальевна","Ж","нет",6,6,9,25,"участник",null,"Обухова Лариса Евгеньевна","Муниципальное бюджетное общеобразовательное учреждение \"Многопрофильный лицей №37\" Нижнекамского муниципального района Республики Татарстан"]
[24,"Зайдуллин","Адель ","Рамилевич","М","нет",6,6,9,25,"участник",null,"Обухова Лариса Евгеньевна","Муниципальное бюджетное общеобразовательное учреждение \"Многопрофильный лицей №37\" Нижнекамского муниципального района Республики Татарстан"]
[25,"Королев","Кирилл","Николаевич","М","нет",6,6,8,25,"участник",null,"Обухова Лариса Евгеньевна","Муниципальное бюджетное общеобразовательное учреждение \"Многопрофильный лицей №37\" Нижнекамского муниципального района Республики Татарстан"]
[26,"Маркелова","Ангелина","Сергеевна","Ж","нет",6,6,8,25,"участник",null,"Обухова Лариса Евгеньевна","Муниципальное бюджетное общеобразовательное учреждение \"Многопрофильный лицей №37\" Нижнекамского муниципального района Республики Татарстан"]
[27,"Загидуллина","Диляра ","Райхановна","Ж","нет",6,6,8,25,"участник",null,"Обухова Лариса Евгеньевна","Муниципальное бюджетное общеобразовательное учреждение \"Многопрофильный лицей №37\" Нижнекамского муниципального района Республики Татарстан"]
[28,"Ишбулдин","Амир ","Азатович","М","нет",6,6,8,25,"участник",null,"Обухова Лариса Евгеньевна","Муниципальное бюджетное общеобразовательное учреждение \"Многопрофильный лицей №37\" Нижнекамского муниципального района Республики Татарстан"]
[29,"Казаков","Илья ","Ильич","М","нет",6,6,7,25,"участник",null,"Обухова Лариса Евгеньевна","Муниципальное бюджетное общеобразовательное учреждение \"Многопрофильный лицей №37\" Нижнекамского муниципального района Республики Татарстан"]
[30,"Керимова","Лилита ","Руслановна","Ж","нет",6,6,7,25,"участник",null,"Обухова Лариса Евгеньевна","Муниципальное бюджетное общеобразовательное учреждение \"Многопрофильный лицей №37\" Нижнекамского муниципального района Республики Татарстан"]
[31,"Байрашова","Софья ","Владимировна","Ж","нет",6,6,6,25,"участник",null,"Обухова Лариса Евгеньевна","Муниципальное бюджетное общеобразовательное учреждение \"Многопрофильный лицей №37\" Нижнекамского муниципального района Республики Татарстан"]
[32,"Бигеева","София","Рафаэлевна","Ж","нет",6,6,7,25,"участник",null,"Обухова Лариса Евгеньевна","Муниципальное бюджетное общеобразовательное учреждение \"Многопрофильный лицей №37\" Нижнекамского муниципального района Республики Татарстан"]
[33,"Быстров","Илья","Александрович","М","нет",7,7,22,25,"победитель",null,"Обухова Лариса Евгеньевна","Муниципальное бюджетное общеобразовательное учреждение \"Многопрофильный лицей №37\" Нижнекамского муниципального района Республики Татарстан"]
[34,"Гилязов","Илсаф","Ильшатович","М","нет",7,7,14,25,"участник",null,"Обухова Лариса Евгеньевна","Муниципальное бюджетное общеобразовательное учреждение \"Многопрофильный лицей №37\" Нижнекамского муниципального района Республики Татарстан"]
[35,"Закирова","Аделя","Рустемовна","Ж","нет",7,7,14,25,"участник",null,"Обухова Лариса Евгеньевна","Муниципальное бюджетное общеобразовательное учреждение \"Многопрофильный лицей №37\" Нижнекамского муниципального района Республики Татарстан"]
[36,"Егор ","Гришин","Максимович","М","нет",7,7,13,25,"участник",null,"Обухова Лариса Евгеньевна","Муниципальное бюджетное общеобразовательное учреждение \"Многопрофильный лицей №37\" Нижнекамского муниципального района Республики Татарстан"]
[37,"Сафина","Диляра","Исламовна","Ж","нет",7,7,12,25,"участник",null,"Обухова Лариса Евгеньевна","Муниципальное бюджетное общеобразовательное учреждение \"Многопрофильный лицей №37\" Нижнекамского муниципального района Республики Татарстан"]
[38,"Горюнова","Марьяна","Андреевна","Ж","нет",7,7,11,25,"участник",null,"Обухова Лариса Евгеньевна","Муниципальное бюджетное общеобразовательное учреждение \"Многопрофильный лицей №37\" Нижнекамского муниципального района Республики Татарстан"]
[39,"Батрасова","Виктория","Вадимовна","Ж","нет",7,7,10,25,"участник",null,"Обухова Лариса Евгеньевна","Муниципальное бюджетное общеобразовательное учреждение \"Многопрофильный лицей №37\" Нижнекамского муниципального района Республики Татарстан"]
[40,"Галимуллина ","Камиля","Раисовна","Ж","нет",7,7,10,25,"участник",null,"Обухова Лариса Евгеньевна","Муниципальное бюджетное общеобразовательное учреждение \"Многопрофильный лицей №37\" Нижнекамского муниципального района Республики Татарстан"]
[41,"Дияров","Айзат ","Маратович","М","нет",7,7,9,25,"участник",null,"Обухова Лариса Евгеньевна","Муниципальное бюджетное общеобразовательное учреждение \"Многопрофильный лицей №37\" Нижнекамского муниципального района Республики Татарстан"]
[42,"Чекмарева","София","Анатольева","Ж","нет",7,7,9,25,"участник",null,"Обухова Лариса Евгеньевна","Муниципальное бюджетное общеобразовательное учреждение \"Многопрофильный лицей №37\" Нижнекамского муниципального района Республики Татарстан"]
[43,"Натфуллина","Альбина","Ильшатовна","Ж","нет",7,7,8,25,"участник",null,"Обухова Лариса Евгеньевна","Муниципальное бюджетное общеобразовательное учреждение \"Многопрофильный лицей №37\" Нижнекамского муниципального района Республики Татарстан"]
[44,"Дмитриев","Артём ","Александрович","М","нет",7,7,7,25,"участник",null,"Обухова Лариса Евгеньевна","Муниципальное бюджетное общеобразовательное учреждение \"Многопрофильный лицей №37\" Нижнекамского муниципального района Республики Татарстан"]
[45,"Багашев","Булат","Марселевич","М","нет",9,9,53,57,"победитель",null,"Ситдикова Альбина Захировна","Муниципальное бюджетное общеобразовательное учреждение \"Многопрофильный лицей №37\" Нижнекамского муниципального района Республики Татарстан"]
[46,"Габдрахимова","Илина","Ильдаровна","Ж","нет",9,9,24,57,"участник",null,"Ситдикова Альбина Захировна","Муниципальное бюджетное общеобразовательное учреждение \"Многопрофильный лицей №37\" Нижнекамского муниципального района Республики Татарстан"]
[47,"Зубаиров","Камиль","Ренатович","М","нет",9,9,23,57,"участник",null,"Ситдикова Альбина Захировна","Муниципальное бюджетное общеобразовательное учреждение \"Многопрофильный лицей №37\" Нижнекамского муниципального района Республики Татарстан"]
[48,"Васильева","Диана","Владимировна","Ж","нет",9,9,20,57,"участник",null,"Ситдикова Альбина Захировна","Муниципальное бюджетное общеобразовательное учреждение \"Многопрофильный лицей №37\" Нижнекамского муниципального района Республики Татарстан"]
[49,"Виноградова","Анастасия","Сергеевна","Ж","нет",9,9,19,57,"участник",null,"Ситдикова Альбина Захировна","Муниципальное бюджетное общеобразовательное учреждение \"Многопрофильный лицей №37\" Нижнекамского муниципального района Республики Татарстан"]
[50,"Гилязетдинов","Данис","Рустамович","М","нет",9,9,18,57,"участник",null,"Ситдикова Альбина Захировна","Муниципальное бюджетное общеобразовательное учреждение \"Многопрофильный лицей №37\" Нижнекамского муниципального района Республики Татарстан"]
[51,"Рахматуллина","Лиана","Айратовна","Ж","нет",9,9,18,57,"участник",null,"Ситдикова Альбина Захировна","Муниципальное бюджетное общеобразовательное учреждение \"Многопрофильный лицей №37\" Нижнекамского муниципального района Республики Татарстан"]
[52,"Даутов","Булат","Романович","М","нет",9,9,7,57,"участник",null,"Ситдикова Альбина Захировна","Муниципальное бюджетное общеобразовательное учреждение \"Многопрофильный лицей №37\" Нижнекамского муниципального района Республики Татарстан"]
[53,"Мулюкова","Алия","Алмазовна","Ж","нет",9,9,6,57,"участник",null,"Ситдикова Альбина Захировна","Муниципальное бюджетное общеобразовательное учреждение \"Многопрофильный лицей №37\" Нижнекамского муниципального района Республики Татарстан"]
[54,"Сабиров","Ильдар","Ильшатович","М","нет",9,9,2,57,"участник",null,"Ситдикова Альбина Захировна","Муниципальное бюджетное общеобразовательное учреждение \"Многопрофильный лицей №37\" Нижнекамского муниципального района Республики Татарстан"]
[55,"Шишкина","Алина","Олеговна","Ж","нет",9,9,1,57,"участник",null,"Ситдикова Альбина Захировна","Муниципальное бюджетное общеобразовательное учреждение \"Многопрофильный лицей №37\" Нижнекамского муниципального района Республики Татарстан"]
[56,"Сахабутдинова","Риана","Маратовна","Ж","нет",9,9,0,57,"участник",null,"Ситдикова Альбина Захировна","Муниципальное бюджетное общеобразовательное учреждение \"Многопрофильный лицей №37\" Нижнекамского муниципального района Республики Татарстан"]
[57,"Шикшина","Анжелика","Владимировна","Ж","нет",9,9,0,57,"участник",null,"Ситдикова Альбина Захировна","Муниципальное бюджетное общеобразовательное учреждение \"Многопрофильный лицей №37\" Нижнекамского муниципального района Республики Татарстан"]